बाणभट्ट की आच्मकथाःपाठ और पुनर्पाठ (Record no. 8372)
[ view plain ]
| 000 -LEADER | |
|---|---|
| fixed length control field | 01093 a2200217 4500 |
| 005 - DATE AND TIME OF LATEST TRANSACTION | |
| control field | 20080923121214.0 |
| 008 - FIXED-LENGTH DATA ELEMENTS--GENERAL INFORMATION | |
| fixed length control field | 080923t xxu||||| |||| 00| 0 hin d |
| 010 ## - LCCN (DPL NO) | |
| LC control number | HIN-81417 |
| 020 ## - INTERNATIONAL STANDARD BOOK NUMBER | |
| International Standard Book Number | 8176751790 |
| Terms of availability | 350.00 |
| 035 ## - SYSTEM CONTROL NUMBER | |
| System control number | HN-53763 |
| 037 ## - SOURCE OF ACQUISITION | |
| Source of stock number/acquisition | पु.प्र.अ.प्र/प्रका |
| 082 ## - DEWEY DECIMAL CLASSIFICATION NUMBER | |
| Classification number | 921 |
| 245 ## - TITLE STATEMENT | |
| Title | बाणभट्ट की आच्मकथाःपाठ और पुनर्पाठ |
| Statement of responsibility, etc | संपादक मधुरेश |
| 246 ## - VARYING FORM OF TITLE | |
| Title proper/short title | Baanbhatt ki Aatamkatha_Path aur Punarpath |
| Remainder of title | Ed by Madhuresh |
| 260 ## - PUBLICATION, DISTRIBUTION, ETC. (IMPRINT) | |
| Place of publication, distribution, etc | पंचकूला |
| Name of publisher, distributor, etc | आधार प्रकाशन |
| Date of publication, distribution, etc | 2007 |
| 270 ## - ADDRESS | |
| Address | एस.सी.एफ 267, सेक्टर-16 |
| City | पंचकूला (हरियाणा) |
| Postal code | 134113 |
| Electronic mail address | aadhar_prakashan@yahoo.com |
| 300 ## - PHYSICAL DESCRIPTION | |
| Extent | 300पृ |
| Dimensions | 22 सेमी (सजिल्द) |
| 700 ## - ADDED ENTRY--PERSONAL NAME | |
| Personal name | मधुरेश |
| 942 ## - ADDED ENTRY ELEMENTS (KOHA) | |
| Institution code [OBSOLETE] | dpl |
| Item type | Hindi Books |
| Call number prefix | 921 / बाणभ |
| Source of classification or shelving scheme | Dewey Decimal Classification |
| Classification part | 921 |
| Call number suffix | बाणभ |
| Withdrawn status | Lost status | Source of classification or shelving scheme | Damaged status | Not for loan | Home library | Current library | Date acquired | Cost, normal purchase price | Total Checkouts | Full call number | Barcode | Date last seen | Copy number | Cost, replacement price | Koha item type |
|---|---|---|---|---|---|---|---|---|---|---|---|---|---|---|---|
| Dewey Decimal Classification | D.B.Act.Division | D.B.Act.Division | 23/09/2008 | 350.00 | 921 बाणभ | HN-53763 | 15/09/2008 | 1 | 350.00 | Hindi Books |
